Statistics for The United States of 1850

Click here to take the quiz!

General Stats

  • This quiz has been taken 94 times
    (92 since last reset)
  • The average score is 29 of 31

Answer Stats

State% Correct
New York
100%
Georgia
99%
Maine
99%
Alabama
97%
North Carolina
97%
Vermont
97%
Florida
96%
Ohio
96%
Virginia
96%
Illinois
95%
Indiana
95%
South Carolina
95%
Tennessee
95%
Kentucky
93%
Louisiana
93%
Massachusetts
93%
Mississippi
93%
New Hampshire
93%
Pennsylvania
93%
Rhode Island
93%
Texas
93%
New Jersey
92%
Delaware
91%
Connecticut
88%
Maryland
88%
Missouri
88%
Arkansas
87%
Michigan
87%
California
79%
Iowa
79%
Wisconsin
78%

Score Distribution

Percentile by Number Answered

Percent of People with Each Score

Your Score History

You have not taken this quiz since the last reset